ბათუმის შოთა რუსთაველის სახელმწიფო უნივერსიტეტის ბიბლიოთეკა

ისტორიკოსი დიმიტრი ბაქრაძე : (ცხოვრება და მოღვაწეობა) (ბიბ.ჩანაწერი № 56346)

000 -ლიდერი
ფიქსირებული სიგრძის საკონტროლო ველი 01353nam a2200253Ia 4500
001 - საკონტროლო ნომერი
საკონტროლო ველი 23459
003 - საკონტროლო ნომრის იდენტიფიკატორი
საკონტროლო ველი GE_BSU
005 - ბოლო ოპერაციის თარიღი და დრო
საკონტროლო ველი 20260123151529.0
008 - ფიქსირებული სიგრძის მონაცემთა ელემენტები - ზოგადი ინფორმაცია
ფიქსირებული სიგრძის საკონტროლო ველი 181216s1950||||ge |||||||||||||| ||geo||
040 ## - კატალოგიზაციის წყარო
Transcribing agency GE_BSU
041 ## - ენის კოდი
Language code of text/sound track or separate title geo
080 ## - უნივერსალური ათობითი კლასიფიკაციის ინდექსი
Universal Decimal Classification number 930(479.22)(092) დ-90
100 ## - მთავარი ჩანაწერი - პიროვნების სახელი
Personal name დუმბაძე, მამია
9 (RLIN) 26725
245 ## - ცნობა სათაურის შესახებ
Title ისტორიკოსი დიმიტრი ბაქრაძე : (ცხოვრება და მოღვაწეობა)
Statement of responsibility, etc მამია დუმბაძე ; რედ. : ტრ. ხუნდაძე.
264 ## - წარმოების, გამოცემის, დისტრიბუციის და სხვა ცნობები
გამოცემის, წარმოების, დისტრიბუციის... ადგილი ბათუმი :
გამოცემის, წარმოების, დისტრიბუციის... სახელწოდება აჭარის სახელგამი,
გამოცემის, წარმოების, დისტრიბუციის... თარიღი 1950.
300 ## - ფიზიკური აღწერა
Extent 192გვ. :
Other physical details პორტრ. და ილ. ;
Dimensions 23 სმ.
500 ## - ზოგადი შენიშვნა
General note დანართი : "შენიშვნები", გვ. 159-181
504 ## - BIBLIOGRAPHY, ETC. NOTE
Bibliography, etc ბიბლიოგრ. : "დ. ბაქრაძის გამოუქვ. ნაშრომების სია", გვ. 183-190
653 ## - INDEX TERM--UNCONTROLLED
Uncontrolled term ისტორიკოსი დიმიტრი ბაქრაძე : (ცხოვრება და მოღვაწეობა)
653 ## - INDEX TERM--UNCONTROLLED
Uncontrolled term ქართველი ისტორიკოსები
700 ## - ADDED ENTRY--PERSONAL NAME
Personal name ხუნდაძე, ტრ.
Relator term რედაქტორი
9 (RLIN) 26726
942 ## - ADDED ENTRY ELEMENTS (KOHA)
Koha item type წიგნი
Source of classification or shelving scheme
ეგზემპლარები
ჩამოწერის სტატუსი დაკარგული ეგზემპლარის სტატუსი კლასიფიკაციის წყარო ან თაროზე გაწყობის სქემა დაზიანების სტატუსი არ გაიცემა მუდმივი მდებარეობა (დაცვის ადგილი) ამჟამინდელი ადგილსამყოფელი თაროზე განთავსების ადგილი შეძენის თარიღი ღირებულება, შესყიდვის ნორმალური ფასი სრული შენახვის შიფრი შტრიხკოდი ბოლო ოპერაციის თარიღი ეგზემპლარის მიმდევრობითი ნომერი (კეტერი?) ფასის ძალაში შესვლის თარიღი ეგზემპლარის სახეობა საჯარო შენიშვნა
          ბათუმის შოთა რუსთაველის სახელმწიფო უნივერსიტეტის მთავარი ბიბლიოთეკა ბათუმის შოთა რუსთაველის სახელმწიფო უნივერსიტეტის მთავარი ბიბლიოთეკა წიგნსაცავი 2018-12-17 1.80 930(479.22)(092) დ-90 28370 2018-12-17 28370 2018-12-17 წიგნი 1.80 ₾.